书目信息 |
| 题名: |
战胜 3D Studio Max 必做练习50题(配盘)
|
|
| 作者: | 余晓鹏 编著 | |
| 分册: | ||
| 出版信息: | 北京 北京大学出版社 2001.11 |
|
| 页数: | 238页 | |
| 开本: | 26cm | |
| 丛书名: | ||
| 单 册: | ||
| 中图分类: | TP391.41-44 | |
| 科图分类: | ||
| 主题词: | 计算机应用 | |
| 电子资源: | ||
| ISBN: | 7-900636-70-6 | |
| 000 | 00617nam0 2200193 45 | |
| 001 | 0259774691 | |
| 005 | 2002051716361431 | |
| 010 | @a7-900636-70-6@dRMB 29.00 | |
| 100 | @a20020517d2001 km y0chiy0120 ea | |
| 101 | 0 | @achi |
| 102 | @aCN@b110000 | |
| 200 | 1 | @a战胜 3D Studio Max 必做练习50题(配盘)@AZhan Sheng 3D Studio Max Bi Zuo Lian Xi 50 Ti(Pei Pan)@f余晓鹏编著@FYu Xiao Peng Bian Zhu |
| 210 | @a北京@c北京大学出版社@d2001.11 | |
| 215 | @a238页@d26cm | |
| 606 | 0 | @a计算机应用 |
| 690 | @aTP391.41-44@v3 | |
| 701 | 0 | @a余晓鹏@AYu Xiao Peng@4编著 |
| 801 | 0 | @aCN@bPFT@c20020517 |
| 905 | @a安徽大学@dTP391.41-44@eY772 | |
| 战胜 3D Studio Max 必做练习50题(配盘)/余晓鹏编著.-北京:北京大学出版社,2001.11 |
| 238页;26cm |
| ISBN 7-900636-70-6:RMB 29.00 |
| ● |
| 相关链接 |
|
|
|
正题名:战胜 3D Studio Max 必做练习50题(配盘)
索取号:TP391.41-44/Y772
 
预约/预借
| 序号 | 登录号 | 条形码 | 馆藏地/架位号 | 状态 | 备注 |
| 1 | 354775 | 203547750 | 自科二线504/504自科库 31排2列4层/ [索取号:TP391.41-44/Y772] | 在馆 | |
| 2 | 354776 | 203547769 | 自科二线504/504自科库 31排3列4层/ [索取号:TP391.41-44/Y772] | 在馆 |